Powołania Michała Probierza do reprezentacji Polski - Statystyki

Ogólne statystyki
  • Ten quiz został rozwiązany 132 razy
  • Średni wynik to 14 z 25
Statystyki odpowiedzi
Hint Odpowiedź % Poprawnych
bramkarz Szczęsny
96%
bramkarz Skorupski
92%
bramkarz Bułka
91%
napastnik Lewandowski
91%
obrońca Bednarek
75%
napastnik Buksa
75%
obrońca Kiwior
75%
pomocnik Zieliński
73%
pomocnik Zalewski
64%
pomocnik D. Szymański
63%
pomocnik S. Szymański
63%
napastnik Milik
61%
obrońca Peda
55%
pomocnik Frankowski
53%
pomocnik Grosicki
48%
obrońca Bochniewicz
45%
obrońca Kędziora
43%
pomocnik Slisz
39%
pomocnik Piotrowski
38%
obrońca Puchacz
38%
obrońca Wieteska
37%
pomocnik Wszołek
35%
obrońca Wdowik
25%
pomocnik Struski
23%
pomocnik Łęgowski
9%
Nie znaleziono quizów pasujących do podanych kryteriów
Rozkład punktacji
Procent ludzi z każdym wynikiem
Percentyl według liczby udzielonych odpowiedzi
Twoja historia wyników
Nie rozwiązałeś tego quizu